00981cam a2200301 a 450000100090000000300040000900500170001300800410003001000170007102000150008802500250010303500210012803700600014904000130020904200100022204300120023205000090024408200090025310000300026224500660029224600560035826000270041430000280044150400560046952000820052565000420060771000300064911882464OSt20220706101809.0991018s1999 ii b 000 0 eng  a 99940136  a8172145047 aI-E-99-940136; 93-13 a(DLC) 99940136 bLibrary of Congress -- New Delhi Field OfficecRs125.00 aDLCcDLC alcode aa-ii---00bJ47P bJ47P1 aJeganathan, W. S. Milton.10aProfessional ethics among teachers /cW.S. Milton Jeganathan.14iSubtitle on cover:aA study on education and ethics aDelhi :bISPCK,c1999. axxvii, 345 p. ;c22 cm. aIncludes bibliographical references (p. [242]-288). aOriginally presented as author's thesis (Ph. D.--Madurai Kamaraj University). 0aTeachersxProfessional ethicszIndia.2 aI.S.P.C.K. (Organization)